Wonders of man: Hagia sophia (Record no. 29653)

MARC details
000 -LEADER
fixed length control field 00257nam a2200109Ia 4500
082 ## - DEWEY DECIMAL CLASSIFICATION NUMBER
Classification number 930
Item number KIN
100 ## - MAIN ENTRY--AUTHOR NAME
Personal name Lord
245 #0 - TITLE STATEMENT
Title Wonders of man: Hagia sophia
260 ## - PUBLICATION, DISTRIBUTION, ETC. (IMPRINT)
Name of publisher S Arthur Dembner
Year of publication 1972
942 ## - ADDED ENTRY ELEMENTS (KOHA)
Koha item type Books
Holdings
Withdrawn status Lost status Damaged status Not for loan Home library Current library Date acquired Full call number Accession Number Koha item type
        RRII Library RRII Library 16/12/2021 930 KIN 10236 Books